Normal view
MARC view
- الملك عبدالله الاول - تاريخ - الاردن
Entry Topical Term
001 - CONTROL NUMBER
- control field: 47393
003 - CONTROL NUMBER IDENTIFIER
- control field: JO-AjAnu
005 - DATE AND TIME OF LATEST TRANSACTION
- control field: 20230606081826.0
008 - FIXED-LENGTH DATA ELEMENTS
- fixed length control field: 230606|| aca||aabn | a|a d
040 ## - CATALOGING SOURCE
- Original cataloging agency: JO-AjAnu
- Transcribing agency: JO-AjAnu
150 ## - HEADING--TOPICAL TERM
- Topical term or geographic name entry element: الملك عبدالله الاول - تاريخ - الاردن
670 ## - SOURCE DATA FOUND
- Source citation: Work cat.: (JO-AjAnu)24253: بقلم ظبيان، تيسير؛ مراجعة وتنقيح نايف قطناني, author 47392, الملك عبدالله كما عرفته